01320 a2200253 45000010006000000050017000060080041000230030015000640400040000790800064001192450080001830200018002632640034002813000019003155050411003340410008007451000026007537000021007797000025008007000026008257000026008517000021008778560168008983150320260407155619.0260407a2001 arg spa dAR-UNSa-BCEJYS aAR-UNSa-BCEJYSbspacAR-UNSa-BCEJYS a657-051xProfesional en Ciencias Económicas (Contador...)10aEl desempeño del contador público independiente como sindico societario a950-739-975-5 1aBuenos Aires :bErreparc2001 a242 p.c21 cm. a1. Introducción a la sindicatura - 2. Comparación de la sindicatura en varios paises - 3. Aspectos legales - 4. Compatibilidad entre las funciones del sindico y las funciones del Auditor externo - 5. Normativa profesional - La Resolución técnica Nº 15 de la FACPCE - 6. Aspectos impositivos - 7. Objetivos y procedimientos de la sindicatura. Contenido de la memoria - 8. Informes de la sindicatura aspa1 aCasal, Armando Miguel1 aWainstein, Mario1 aCasal, Pablo Mariano1 aCristóbal, Norma C.1 aLublinerman, Leonardo1 aPérez, Liliana41uhttps://biblioeco.unsa.edu.ar/pmb/images/libros/El desempe?o del contador publico independiente como sindicato societario-l87106.jpgyImagen de portadaqimage/jpeg